| 000 | 01255nam a2200301 i 4500 | ||
|---|---|---|---|
| 003 | DO-SdBNP | ||
| 005 | 20250903093618.0 | ||
| 007 | ta | ||
| 008 | 250903b2016 dr ||||| |||| 00| 0 spa d | ||
| 020 | _a9945009621 | ||
| 040 |
_aDO-SdBNP _bspa _cBNPHU _erda |
||
| 041 | _aspa | ||
| 082 | 4 |
_axxx _bI24a _222 |
|
| 110 | 2 |
_aIglesia Católica. _bPapa (2013- : Francisco) _eautor _988568 |
|
| 240 | 1 | 0 |
_aAmoris lætitia. _lespañol |
| 245 | 1 | 0 |
_aExhortación apostólica postsinodal amoris lætitia del santo padre Francisco a los obispos a los presbíteros y diáconos a las personas consagradas a los esposos cristianos y a todos los fieles laicos sobre el amor en la familia / _cPapa Francisco ; diseño de portada, Raúl Ostos García. |
| 264 | 4 |
_aPaulinas, Santo Domingo, República Dominicana : _bPía Sociedad Hijas de San Pablo, _c©2016. |
|
| 300 |
_a267 páginas ; _c21 cm |
||
| 336 |
_atexto _btxt _2rdacontent |
||
| 337 |
_asin mediación _bn _2rdamedia |
||
| 338 |
_avolumen _bnc _2rdacarrier |
||
| 490 | 0 | _aAmoris lætitia | |
| 500 | _aIncluye referencias bibliográficas y notas al pie de las páginas | ||
| 590 | _aInventariado, 2025 /LP | ||
| 700 | 1 |
_aFrancisco, Pope, _d1936-2025 _eautor _4aut. _988569 |
|
| 910 | _aLP | ||
| 942 |
_2ddc _cLBS1 |
||
| 999 |
_c59859 _d59859 |
||